Privatization in Chile : (Registro nro. 12480)
[ vista simple ]
| 000 -LEADER | |
|---|---|
| fixed length control field | 02003pam a2200301 a 4500 |
| 001 - CONTROL NUMBER | |
| control field | 3923280 |
| 003 - CONTROL NUMBER IDENTIFIER | |
| control field | OSt |
| 005 - DATE AND TIME OF LATEST TRANSACTION | |
| control field | 20210920153532.0 |
| 008 - FIXED-LENGTH DATA ELEMENTS--GENERAL INFORMATION | |
| fixed length control field | 920612s1993 cau b 001 0 eng |
| 010 ## - LIBRARY OF CONGRESS CONTROL NUMBER | |
| LC control number | 92022670 |
| 020 ## - INTERNATIONAL STANDARD BOOK NUMBER | |
| International Standard Book Number | 1558152083 |
| 040 ## - CATALOGING SOURCE | |
| Original cataloging agency | DLC |
| Transcribing agency | CO-JMCR |
| Modifying agency | DLC |
| 041 0# - LANGUAGE CODE | |
| Language code of text/sound track or separate title | eng |
| Language code of original | spa |
| 082 00 - DEWEY DECIMAL CLASSIFICATION NUMBER | |
| Classification number | 338.983 / |
| Item number | H117p |
| Edition number | 23 |
| 100 1# - MAIN ENTRY--PERSONAL NAME | |
| Personal name | Hachette, Dominique., |
| Relator term | author |
| 9 (RLIN) | 40646 |
| 240 10 - UNIFORM TITLE | |
| Uniform title | Privatización en Chile. |
| Language of a work | English |
| 245 10 - TITLE STATEMENT | |
| Title | Privatization in Chile : |
| Remainder of title | an economic appraisal / |
| Statement of responsibility, etc. | by Dominique Hachette and Rolf Lüders. |
| 260 ## - PUBLICATION, DISTRIBUTION, ETC. | |
| Place of publication, distribution, etc. | San Francisco, California : |
| Name of publisher, distributor, etc. | ICS Press, |
| Date of publication, distribution, etc. | 1993. |
| 300 ## - PHYSICAL DESCRIPTION | |
| Extent | xiv, 284 pages ; |
| Dimensions | 23 cm. |
| 500 ## - GENERAL NOTE | |
| General note | "An International Center for Economic Growth publication." |
| 504 ## - BIBLIOGRAPHY, ETC. NOTE | |
| Bibliography, etc. note | Includes bibliographical references (p. 271-273) and index. |
| 505 0# - FORMATTED CONTENTS NOTE | |
| Formatted contents note | The economic framework, 1973-1989. -- The ideological and economic objectives of privatization process. -- Effects of privatization on governament revenues and wealth. -- Effects of privatization on the capital market, savings and investment, and employment. -- Are private and public enterprieses different?. -- Two polemic cases of privatization in Chile. -- Two polemic cases of partifipation in 1970, 1973, 1983 and 1989. |
| 520 0# - SUMMARY, ETC. | |
| Summary, etc. | Between 1974 and 1989 Chile undertook a massive and controversial privatization program, transferring some 550 state-owned enterprises to the private sector. Privatization in Chile cuts through the assumptions and biases of both supporters and opponents of privatization to measure what the program has really meant for employment levels, efficiency, equity, and other indicators of economic well-being. For developing countries pursuing privatization, this detailed analysis of the Chilean experience offers lessons that can mean the difference between success and failure. |
| 650 14 - SUBJECT ADDED ENTRY--TOPICAL TERM | |
| Topical term or geographic name entry element | Privatization |
| Geographic subdivision | Chile. |
| 9 (RLIN) | 40647 |
| 650 24 - SUBJECT ADDED ENTRY--TOPICAL TERM | |
| Topical term or geographic name entry element | Government business enterprises |
| Geographic subdivision | Chile. |
| 9 (RLIN) | 40648 |
| 700 1# - ADDED ENTRY--PERSONAL NAME | |
| Personal name | Lüders, Rolf. |
| Relator term | editor |
| 9 (RLIN) | 40649 |
| 942 ## - ADDED ENTRY ELEMENTS (KOHA) | |
| Source of classification or shelving scheme | Dewey Decimal Classification |
| Koha item type | Books |
| Withdrawn status | Lost status | Source of classification or shelving scheme | Damaged status | Not for loan | Home library | Current library | Shelving location | Date acquired | Source of acquisition | Full call number | Barcode | Date last seen | Copy number | Price effective from | Koha item type |
|---|---|---|---|---|---|---|---|---|---|---|---|---|---|---|---|
| Dewey Decimal Classification | Biblioteca Pública José María del Castillo y Rada | Biblioteca Pública José María del Castillo y Rada | General Stacks | 04/15/2018 | Donación | 338.983 / H117p | 430005468 | 05/16/2024 | Ej.1 | 03/10/2021 | Books |